[Event "Karpov Trophy XVI 2018"]
[Site "Cap d/^Agde"]
[Date "2018.10.28"]
[Round "2.1"]
[White "San Segundo Carrillo, Pablo"]
[Black "Guehtar, Sofiane"]
[Result "0-1"]
[WhiteElo "2491"]
[BlackElo "2064"]
[Annotator "TA"]
[PlyCount "84"]
[EventDate "2018.10.17"]
[EventCountry "FRA"]
[SourceTitle "playchess.com"]
[Source "ChessBase"]
[SourceQuality "1"]

{[%evp 21,84,0,74,-30,-33,-95,-54,-56,-52,-212,-165,-289,-202,-200,-115,-87,-111,-108,-60,-71,-68,-70,20,-102,-106,-97,-116,-99,-97,-770,-767,-889,-877,-724,-536,-1059,-1052,-2868,-2174,-1880,-1220,-1084,-364,-349,-349,-315,-316,-400,-333,-1493,-1466,-5804,-5747,-5646,-5646,-5455,-5318,-5321,-5321,-5314,-2351,-5314,-5226,-5214,-5077]} 1. e4 c5 2. Nf3 d6 3. d4 cxd4 4. Nxd4 Nf6 5. Nc3 g6 6. Be3 Bg7 7. Be2 O-O 8. Nb3 Nc6 9. g4 Be6 10. f4 Na5 11. Bd4 {B72: Sicilian Dragon: 6 Be3, lines with h3+Bc4 and sidelines} (11. g5 Nd7 12. Bd4 Bxd4 13. Qxd4 Nc6 14. Qd2 a5 15. O-O-O a4 16. Nd4 Nxd4 17. Qxd4 a3 18. b3 Qa5 19. Nd5 Bxd5 20. exd5 Rfc8 21. h4 {1-0 (55) Heberla,B (2551)-Seyb,A (2403) Tegernsee 2017}) 11... Bc4 {LiveBook: 8 Games} (11... Nc6 $11) 12. Bf3 (12. g5 $16 Bxe2 13. Qxe2 (13. Kxe2 Nh5 $15)) 12... Nc6 $11 13. Be3 (13. Bf2 $15) 13... Rc8 $146 ({Predecessor:} 13... a5 14. g5 Nd7 15. Qd2 a4 16. Nd4 Nxd4 17. Bxd4 e5 18. fxe5 Nxe5 19. Be2 b5 20. Nxb5 Bxb5 21. Bxb5 Nf3+ {0-1 (21) Grubisic,D-Fang,J (2395) Philadelphia 1995}) 14. Qd2 b5 {[%cal Bb7b5,Bb5b4][%mdl 32]} 15. Nd4 $2 (15. g5 $15 Nh5 16. Bxh5 gxh5 17. O-O-O) 15... b4 $19 16. Nd5 (16. Nce2 {was called for.} Nxd4 17. Nxd4) 16... Nxd4 17. Bxd4 {[#]} Nxd5 (17... e5 $1 $19 {[%cal Re5d4][%mdl 512]} 18. Nxf6+ (18. fxe5 dxe5) 18... Qxf6) 18. Bxg7 $17 Kxg7 19. exd5 a5 20. Qd4+ {[#]} Kg8 $1 21. h4 {[#]} Re8 ({Better is} 21... e5 $1 $15 {[%mdl 512]} 22. dxe6 (22. fxe5 dxe5) 22... fxe6) 22. b3 (22. h5 $1 $11) 22... e5 23. dxe6 Rxe6+ ({Of course not} 23... Bxe6 24. O-O-O $11) 24. Kd2 Bb5 {White must now prevent ...Qc7.} 25. g5 $2 {[%mdl 8192]} (25. Rae1 $17) 25... Qc7 $19 {[%csl Gc8][%cal Rc7c2]} 26. c4 bxc3+ 27. Kc2 Rce8 28. Rh2 Re3 29. Bd1 Bd3+ 30. Kc1 {[#]} c2 $1 {[%mdl 512]} 31. Bxc2 Re1+ $2 (31... R8e4 32. Qxe3 Rxe3) 32. Kb2 Rxa1 33. Qxd3 Rae1 34. h5 R1e3 35. Qd4 $2 (35. Qd2) 35... Re2 {( -> ...Qxc2+). Black is clearly winning.} 36. Rxe2 Rxe2 37. Qd3 {[#]} Qxc2+ $1 {[%mdl 512]} 38. Qxc2 Rxc2+ 39. Kxc2 gxh5 {KP-KP} 40. Kd2 d5 41. a3 Kf8 42. b4 axb4 {Precision: White = 16%, Black = 65%.} 0-1

[Event "Karpov Trophy XVI 2018"]
[Site "Cap d/^Agde"]
[Date "2018.10.28"]
[Round "2.1"]
[White "Navrotescu, Catalin"]
[Black "Fedorchuk, Sergey A."]
[Result "0-1"]
[WhiteElo "2359"]
[BlackElo "2607"]
[Annotator "TA"]
[PlyCount "82"]
[EventDate "2018.10.17"]
[EventCountry "FRA"]
[SourceTitle "playchess.com"]
[Source "ChessBase"]
[SourceQuality "1"]

{[%evp 16,82,31,25,26,29,29,20,17,18,12,4,14,2,5,5,11,-1,28,0,0,0,0,-26,-23,-19,-25,-13,-14,-19,25,0,0,0,9,-20,-27,-63,-63,-63,-63,-63,-53,-102,-102,-116,-112,-122,-110,-237,-237,-447,-227,-467,-502,-495,-479,-484,-491,-694,-689,-852,-877,-843,-862,-835,-815,-808,-802]} 1. d4 Nf6 2. c4 e6 3. Nc3 Bb4 4. Qc2 d6 5. Bg5 {[%cal Bc1g5,Bg5h4,Bh4g3][%mdl 32]} Nbd7 6. e3 b6 {E32: Nimzo-Indian: Classical (4 Qc2): 4...0-0} (6... c5 7. Nge2 Qa5 8. a3 cxd4 9. Bxf6 Nxf6 10. exd4 O-O 11. Rd1 Bxc3+ 12. Nxc3 b6 13. Bd3 Bb7 14. O-O Qh5 {0-1 (65) Lenic,L (2656)-Melkumyan,H (2660) chess.com INT 2018}) 7. Bd3 Bb7 8. f3 h6 9. Bh4 {LiveBook: 8 Games} O-O 10. Nge2 d5 11. O-O Be7 12. Bg3 c5 13. cxd5 Nxd5 14. Nxd5 exd5 15. Rad1 $146 ({Predecessor:} 15. Bf5 Re8 16. Qa4 Nf8 17. Rfe1 Bf6 18. Bf2 {1-0 (27) Batkovskyte,D (2101)-Beliajeva,O (1937) Lithuania 2013}) 15... Re8 16. Bf2 Bf8 17. Bf5 g6 18. Bh3 Nf6 19. Rfe1 Nh7 20. g3 Ng5 $36 {[%mdl 2048] Black has good play.} 21. Bg2 Rc8 22. dxc5 bxc5 23. Nf4 d4 24. e4 Rc7 25. Qb1 Ne6 26. Nd5 Bxd5 27. exd5 Qxd5 28. f4 Qd7 29. h4 Ng7 30. Rxe8 Nxe8 31. b4 Nf6 32. Kh1 (32. Qd3 $17) 32... Nd5 $19 {[#] aiming for ...Nc3.} 33. Qb3 $2 (33. Qd3 {is a better defense.} Nxb4 34. Qc4) 33... Nxb4 (33... Nc3 $142 34. Rg1 cxb4) 34. a3 $2 (34. Qc4) 34... c4 {Black is clearly winning.} 35. Qf3 Nd3 36. Bg1 Bg7 37. h5 (37. Rb1 $142 Kh7 38. h5) 37... Nb2 38. Re1 d3 39. hxg6 fxg6 40. Qd5+ Qxd5 41. Bxd5+ Kf8 {Precision: White = 40%, Black = 70%.} 0-1

[Event "Karpov Trophy XVI 2018"]
[Site "Cap d/^Agde"]
[Date "2018.10.28"]
[Round "2.1"]
[White "Eden, James"]
[Black "Onischuk, Alexander"]
[Result "1-0"]
[WhiteElo "2272"]
[BlackElo "2647"]
[Annotator "TA"]
[PlyCount "97"]
[EventDate "2018.10.17"]
[EventCountry "FRA"]
[SourceTitle "playchess.com"]
[Source "ChessBase"]
[SourceQuality "1"]

{[%evp 13,97,44,38,38,45,25,37,-25,-20,-40,-40,-40,-43,-37,-37,-27,-11,-87,0,0,0,0,0,0,0,0,0,0,19,0,0,0,0,-37,-47,-56,-69,-89,-43,-43,0,-1,0,-39,0,0,0,0,0,0,0,0,0,0,0,0,0,0,0,0,0,0,0,0,0,0,0,0,691,666,690,642,1265,1209,1600,1567,1299,1146,2810,2752,29978,29979,29980,29981,29983,29982]} 1. e4 d6 2. d4 Nf6 3. Nc3 g6 4. Bg5 Bg7 5. Qd2 h6 6. Bh4 O-O {B07: Pirc Defence: Miscellaneous Systems} 7. O-O-O (7. f4 e5 8. dxe5 Nxe4 9. Bxd8 Nxd2 10. Bxc7 Nxf1 11. Kxf1 dxe5 12. Bxe5 Bxe5 13. fxe5 Nc6 14. Nf3 {½-½ (39) Almasi,Z (2682)-Ponomariov,R (2694) Riadh 2017}) 7... c6 {LiveBook: 5 Games} 8. Kb1 Qc7 {White is slightly better.} 9. f4 b5 10. e5 $146 (10. Bxf6 $14 Bxf6 11. Nf3) ({Predecessor:} 10. Bxf6 Bxf6 11. e5 Bg7 12. Nf3 Bg4 13. Be2 a5 14. h3 {1-0 (42) Vega Gutierrez,S (2369)-Engo Pardo,J (2199) Linares 2017}) 10... b4 $11 11. exf6 bxc3 12. Qxc3 exf6 13. Nf3 f5 14. Bc4 c5 15. Bd5 (15. Qd3 $11) 15... Nc6 (15... Bb7 $17 16. Bxb7 Qxb7) 16. Bxc6 $1 Qxc6 17. d5 Qd7 18. Bf6 Bxf6 19. Qxf6 {[#] aiming for Rhe1.} Ba6 {[%cal Bc8a6,Ba6e2,Be2c4][%mdl 32]} 20. h4 {Hoping for h5.} h5 21. Ng5 Be2 22. Rde1 Rae8 23. Qc3 Qb7 24. Qd2 Bc4 25. Rd1 Re2 26. Qc3 Ba6 27. Rhe1 Rfe8 28. Rxe2 Rxe2 29. Qa5 Qb6 30. Qc3 Qc7 31. Re1 Qe7 32. Rxe2 $1 Qxe2 {[%cal Re2d1]} 33. b3 $40 {[%mdl 128] White has some attack.} Qf1+ 34. Kb2 {White threatens Qf6 and mate.} Qxf4 35. Qa5 $1 Qe5+ 36. Ka3 Bf1 37. Qxa7 Qf6 38. g3 f4 $1 {[%cal Rf4g3]} 39. gxf4 Qxf4 40. c4 Qf6 $2 {[%mdl 8192] [#]} (40... Bxc4 $11 41. Qb8+ (41. bxc4 Qc1+ 42. Kb3 Qd1+ 43. Kc3 Qd4+ 44. Kb3 Qd3+ 45. Kb2 Qd2+ 46. Kb1 Qb4+ 47. Ka1 Qc3+ 48. Kb1 Qb4+ 49. Ka1 Qc3+ 50. Kb1 Qb4+ $11) 41... Kg7 42. bxc4 Qxc4) 41. Ka4 $1 $18 {[%cal Ra4b5]} Bd3 42. Kb5 Bb1 43. Kc6 Kg7 44. a4 {[%cal Ba2a4,Ba4a5,Ba5a6,Ba6a7][%mdl 32]} Bc2 45. Qb7 Qf2 46. a5 Bxb3 47. Qxb3 {White mates.} Qxh4 48. a6 Qxg5 49. a7 {Precision: White = 72%, Black = 57%.} 1-0

[Event "Karpov Trophy XVI 2018"]
[Site "Cap d/^Agde"]
[Date "2018.10.28"]
[Round "2.1"]
[White "Lacroix, Romain"]
[Black "Sumets, Andrey"]
[Result "0-1"]
[WhiteElo "2238"]
[BlackElo "2575"]
[Annotator "TA"]
[PlyCount "88"]
[EventDate "2018.10.17"]
[EventCountry "FRA"]
[SourceTitle "playchess.com"]
[Source "ChessBase"]
[SourceQuality "1"]

{[%evp 18,88,8,5,16,0,19,20,27,25,29,-19,0,0,0,-12,-6,-16,-7,-59,-59,-59,-61,-64,-64,-64,-64,-64,-64,-64,-64,-64,-64,-70,-70,-111,-52,-69,-63,-60,-52,-66,-71,-77,-64,-62,-63,-81,-70,-102,-100,-253,-241,-267,-267,-267,-256,-265,-256,-249,-229,-232,-228,-468,-468,-468,-462,-456,-454,-448,-424,-374,-312]} 1. d4 Nf6 2. Nf3 d5 3. c4 e6 4. g3 Be7 5. Bg2 O-O 6. O-O c6 7. Qc2 b6 {[%cal Bb7b6,Bb6b5][%mdl 32]} 8. Nbd2 Bb7 9. e4 Na6 10. a3 {LiveBook: 82 Games. E06: Closed Catalan: Early deviations} dxc4 11. Nxc4 b5 12. e5 {The position is equal.} Nd5 13. Nd6 Bxd6 14. exd6 $146 (14. Ng5 $5 {[%cal Rc2h7]} g6 15. exd6 $11) ({Predecessor:} 14. Ng5 f5 15. exd6 Qxd6 16. Re1 Nac7 17. Bd2 a5 {1-0 (66) Orlov,G (2480)-Kovalyov,A (2622) ICC INT 2014}) 14... h6 15. Ne5 Qxd6 16. b4 Nb8 17. Bd2 Nd7 18. Nxd7 (18. Nd3 $11) 18... Qxd7 $15 19. Rac1 Rfd8 20. Rfd1 Qe7 21. h4 Rd7 22. Be1 Rad8 23. Qe2 Rd6 24. Rd3 R8d7 25. Rcd1 Qd8 26. Qc2 Qb6 (26... Nb6 $17 27. Bc3 Nd5) 27. Bf1 Rd8 28. Bd2 R6d7 29. Qc1 Ne7 30. Bc3 Nf5 31. Qf4 Qc7 {White must now prevent ...Qxf4.} 32. Qg4 {[#]} a5 $1 {[%mdl 512]} 33. bxa5 c5 34. dxc5 $2 {[#]} (34. d5 $17 Bxd5 35. Bg2) 34... Qc6 $1 $19 {[%csl Gb7][%cal Rc6h1]} 35. Qh3 Rxd3 36. Rxd3 Rxd3 37. Bxd3 {[#]} Qf3 $1 {[%cal Rf3d3]} 38. a6 Bxa6 39. Bxf5 Qxc3 40. Qg2 $2 (40. Bb1 {is the only way for White.}) 40... Qe1+ ({Less strong is} 40... exf5 41. Qa8+ Kh7 42. Qxa6 $17) 41. Kh2 {Threatening mate with Qa8+.} exf5 42. Qa8+ Kh7 43. Qxa6 Qxf2+ 44. Kh1 Qxc5 {Precision: White = 58%, Black = 67%.} 0-1

[Event "Karpov Trophy XVI 2018"]
[Site "Cap d/^Agde"]
[Date "2018.10.28"]
[Round "2.1"]
[White "Maruf Ibne, Alif"]
[Black "Jehan, Julien"]
[Result "0-1"]
[WhiteElo "1847"]
[BlackElo "1991"]
[Annotator "NA RC"]
[PlyCount "136"]
[EventDate "2018.10.17"]
[EventCountry "FRA"]
[SourceTitle "playchess.com"]
[Source "ChessBase"]
[SourceQuality "1"]
[TimeControl "5400+30"]

1. d4 {[%emt 0:00:00]} Nf6 {[%emt 0:00:00]} 2. c4 {[%emt 0:00:00]} e6 {[%emt 0:00:00]} 3. Nc3 {[%emt 0:00:00]} Bb4 {[%emt 0:00:27]} 4. e3 {[%emt 0:00:02]} d5 {[%emt 0:01:14]} 5. Bd3 {[%emt 0:01:16]} c5 {[%emt 0:03:31]} 6. Nf3 {[%emt 0:00:45]} dxc4 {[%emt 0:03:25]} 7. Bxc4 {[%emt 0:00:36]} Nc6 {[%emt 0:04:18]} 8. O-O {[%emt 0:02:19]} O-O {[%emt 0:02:08]} 9. a3 {[%emt 0:00:55]} Bxc3 {[%emt 0:04:43]} 10. bxc3 {[%emt 0:00:04]} Qc7 {[%emt 0:03:43]} 11. Ba2 {[%emt 0:00:50]} Rd8 {[%emt 0:04:01]} 12. h3 {[%emt 0:05:14] E59: Nimzo-Indian: Rubinstein: Main Line: 7...Nc6 8 a3 Bxc3 9 bxc3 dxc4} (12. Bb2 h6 13. Qe2 e5 14. h3 Qe7 15. Rfd1 Bf5 (15... e4 16. Nh2 Bf5 17. a4 cxd4 18. exd4 Nd5 19. Bxd5 Rxd5 {0-1 (36) Johansson,V (2179)-Terao,J (2187) Istanbul 2012}) 16. Rac1 Rac8 17. d5 Nb8 18. c4 Nbd7 19. Nh4 Bh7 {0-1 (58) Akash Pc,I (2390)-Donchenko,A (2569) London 2017}) 12... h6 {[%emt 0:01:00]} 13. Bb2 {[%emt 0:01:10]} b5 $146 {[%emt 0:06:18]} 14. Qe2 {[%emt 0:02:45]} c4 {[%emt 0:02:50]} 15. a4 {[%emt 0:06:43]} a6 {[%emt 0:01:23]} 16. e4 {[%emt 0:03:53]} e5 {[%emt 0:02:53]} 17. d5 {[%emt 0:01:23]} Ne7 {[%emt 0:01:47]} 18. Kh2 $2 {[%emt 0:08:13] [#]} (18. Bb1 $14 {stays ahead.}) 18... Ng6 $2 {[%emt 0:01:59]} ({Black should try} 18... Nexd5 $1 $17 {[%mdl 512]} 19. exd5 e4+ 20. d6 Rxd6) 19. g3 {[%emt 0:01:16]} Nd7 {[%emt 0:13:14]} 20. Bb1 {[%emt 0:07:06]} Rb8 {[%emt 0:02:29]} 21. Nd2 {[%emt 0:16:29]} Nc5 {[%emt 0:02:46]} 22. axb5 {[%emt 0:06:03]} axb5 {[%emt 0:03:08]} 23. Bc2 {[%emt 0:00:30]} Qd7 {[%emt 0:01:36]} 24. Qh5 {[%emt 0:03:11]} Qc7 {[%emt 0:03:30]} 25. Ba3 {[%emt 0:02:24]} Bd7 {[%emt 0:02:41]} (25... Rd6 $14) 26. Bb4 {[%emt 0:05:45]} Ra8 {[%emt 0:00:55]} 27. Rfb1 {[%emt 0:00:33]} Rdb8 {[%emt 0:01:53]} 28. Qe2 {[%emt 0:02:16]} Qc8 {[%emt 0:07:58]} 29. Qh5 {[%emt 0:01:36]} Qc7 {[%emt 0:02:32]} 30. Qe2 {[%emt 0:00:41]} Na6 {[%emt 0:00:19]} 31. Ba5 {[%emt 0:02:28]} Qc8 {[%emt 0:01:15]} 32. Qf1 {[%emt 0:01:40]} Qc5 {[%emt 0:02:38]} 33. Kg2 {[%emt 0:06:25]} Rf8 {[%emt 0:04:00]} 34. Qe2 {[%emt 0:01:40]} Qd6 {[%emt 0:03:47]} 35. Qe3 {[%emt 0:01:57]} Ne7 {[%emt 0:00:38]} 36. Qb6 {[%emt 0:01:09]} Qxb6 {[%emt 0:02:08]} 37. Bxb6 {[%emt 0:00:06]} Rfb8 {[%emt 0:01:35]} 38. Be3 {[%emt 0:01:49]} Nc8 {[%emt 0:00:48]} 39. Rb2 {[%emt 0:01:20]} Nc7 {[%emt 0:01:04]} 40. Rab1 {[%emt 0:02:12]} Nd6 {[%emt 0:01:50]} 41. Bc5 {[%emt 0:01:34]} Nb7 $1 $11 {[%emt 0:00:01]} 42. Be3 {[%emt 0:01:26]} Nd6 {[%emt 0:01:09]} (42... Rc8) 43. Bc5 {[%emt 0:00:05]} Nce8 {[%emt 0:00:50]} 44. Bd1 {[%emt 0:01:47]} Rc8 {[%emt 0:00:24]} 45. Bb4 {[%emt 0:00:52]} Ra6 {[%emt 0:00:20]} (45... Nb7 $11) 46. Bc2 {[%emt 0:01:05]} (46. f4 $16) 46... Rca8 {[%emt 0:00:10]} 47. Nf3 {[%emt 0:00:33]} f6 {[%emt 0:00:10]} 48. Ne1 {[%emt 0:00:31]} Ra1 $16 {[%emt 0:00:31]} (48... f5 $11 {keeps the balance.}) 49. Nf3 {[%emt 0:00:16]} (49. f4 $14) 49... R8a2 {[%emt 0:00:24]} 50. Bc5 {[%emt 0:01:03]} Nb7 {[%emt 0:01:24]} 51. Bb4 {[%emt 0:00:31]} Nc7 {[%emt 0:00:30]} 52. Rxa1 {[%emt 0:00:47]} Rxa1 {[%emt 0:00:20]} 53. Bb1 {[%emt 0:00:18]} Na6 {[%emt 0:00:52]} 54. Nd2 {[%emt 0:00:48]} Nbc5 {[%emt 0:00:32]} 55. Ra2 {[%emt 0:00:32]} Rxa2 {[%emt 0:00:16]} 56. Bxa2 {[%emt 0:00:08]} Nxb4 {[%emt 0:00:15]} 57. cxb4 {[%emt 0:00:01]} Nd3 {[%emt 0:00:28]} 58. Bb1 {[%emt 0:01:07]} Nxb4 {[%emt 0:00:09]} 59. h4 {[%emt 0:00:20]} c3 {[%emt 0:00:20]} 60. Nb3 {[%emt 0:00:24]} c2 {[%emt 0:00:14]} 61. Bxc2 {[%emt 0:00:01]} Nxc2 {[%emt 0:00:05]} 62. Nc5 Be8 {[%emt 0:00:50]} 63. d6 {[%emt 0:00:14]} b4 {[%emt 0:00:46]} 64. Kf1 {[%emt 0:00:25]} Bb5+ {[%emt 0:00:22]} 65. Kg2 {[%emt 0:00:17]} Nd4 {[%emt 0:00:37]} 66. f4 {[%emt 0:00:32]} b3 {[%emt 0:00:32]} 67. Nd3 {[%emt 0:00:06]} Bxd3 {[%emt 0:00:39]} 68. d7 {[%emt 0:00:11]} Nc6 {[%emt 0:00:09]} 0-1

[Event "Karpov Trophy XVI 2018"]
[Site "Cap d/^Agde"]
[Date "2018.10.28"]
[Round "3.1"]
[White "Fedorchuk, Sergey A."]
[Black "Di Nicolantonio, Lucas"]
[Result "1-0"]
[WhiteElo "2607"]
[BlackElo "2376"]
[Annotator "TA"]
[PlyCount "69"]
[EventDate "2018.10.17"]
[EventCountry "FRA"]
[SourceTitle "playchess.com"]
[Source "ChessBase"]
[SourceQuality "1"]

{[%evp 17,69,0,13,0,0,0,0,0,0,0,10,20,26,0,0,0,0,0,72,16,74,18,11,16,17,14,18,25,33,0,0,-111,124,126,313,306,644,664,652,620,612,623,600,620,579,534,785,781,783,727,1120,1016,2030,1898]} 1. e4 e5 2. Nf3 Nf6 3. Nxe5 d6 4. Nf3 Nxe4 5. Nc3 Nxc3 6. dxc3 Be7 7. Be3 O-O 8. Qd2 {C42: Petroff Defence: 3 Nxe5 and unusual White 3rd moves} Nd7 9. O-O-O Nf6 {LiveBook: 20 Games} (9... c6 10. h4 d5 11. Kb1 Re8 12. Bd3 Bc5 13. Rde1 Bxe3 14. Rxe3 Rxe3 15. Qxe3 Nf6 {½-½ (28) Aronian,L (2780)-Caruana,F (2827) Batumi 2018}) 10. h4 {The position is equal.} c5 11. Kb1 Qa5 $146 ({Predecessor:} 11... Qb6 12. Ng5 d5 13. f3 Bd7 14. Bd3 Rad8 15. h5 h6 {½-½ (26) Class,W (2457)-Scherer,A (2507) Remote email 2013}) 12. a3 d5 13. Ne5 Be6 14. f3 Rfd8 15. g4 {[%cal Bg2g4,Bg4g5][%mdl 32]} d4 16. cxd4 Qa4 17. g5 Nd5 (17... cxd4 $11 18. Bg1 (18. Bxd4 Bc5 $11) 18... Nh5) 18. Bc4 ({White should play} 18. Bd3 $16) 18... Bf5 (18... Bd6 $11 {keeps the balance.}) 19. Bf2 (19. Rc1 $1 $16) 19... cxd4 $11 20. Bxd4 Rac8 21. b3 $1 $36 {[%cal Rb3a4][%mdl 2048] Black is under pressure.} Qxa3 22. Bb2 Qc5 {aiming for ...Nb4.} 23. Nxf7 ({Not} 23. Bxd5 $2 Bxc2+ 24. Ka1 Bxb3 $1 $19 {[%mdl 512]}) (23. g6 $5 {[%cal Re5f7]} Ne3 24. gxf7+ Kf8 25. Qc3 $17) 23... Kxf7 24. Rhe1 {[#]} (24. Qxd5+ $11 Rxd5 25. Rxd5 Bxc2+ 26. Ka2) 24... Kf8 $2 {[#]} (24... Ke8 $1 $17 {and life is bright.} 25. Re5 b5 26. Bxd5 Bxc2+ 27. Ka2 Bxd1 28. Qxd1 Rd6 29. Bf7+ Kd8) 25. Re5 $1 $16 {[%cal Re5f5]} Ne3 $2 (25... Bg6 $16 {is a better defense.} 26. Rxd5 Rxd5 27. Qxd5 Qxd5 28. Rxd5 Rd8 29. Rxd8+ Bxd8) 26. Rxc5 $18 Rxc5 $2 {[#]} (26... Rxd2 27. Rxc8+ Bxc8 28. Rxd2 Nxc4 29. bxc4 Kf7) 27. Bxg7+ $1 {[%mdl 512] White is clearly winning.} Ke8 (27... Kxg7 28. Qc3+) 28. Qxe3 Rxd1+ 29. Kb2 Kd7 30. Qe2 Rd6 31. Be5 Rg6 32. Bd4 Rc7 33. Qe5 Be6 34. Bb5+ Kc8 35. h5 {Precision: White = 60%, Black = 38%.} 1-0

[Event "Karpov Trophy XVI 2018"]
[Site "Cap d/^Agde"]
[Date "2018.10.28"]
[Round "3.1"]
[White "Sumets, Andrey"]
[Black "Doluhanova, Evgeniya"]
[Result "1/2-1/2"]
[WhiteElo "2575"]
[BlackElo "2350"]
[Annotator "TA"]
[PlyCount "83"]
[EventDate "2018.10.17"]
[EventCountry "FRA"]
[SourceTitle "playchess.com"]
[Source "ChessBase"]
[SourceQuality "1"]

{[%evp 16,83,0,-7,50,37,39,25,47,40,62,19,16,10,17,0,24,26,48,19,34,12,20,4,8,-6,0,0,12,0,26,0,0,22,9,0,0,0,0,0,0,0,0,-16,0,-10,-3,-20,-16,-22,-10,-28,0,-6,0,-25,-16,-35,0,-27,0,-12,0,0,0,0,0,0,0,0]} 1. d4 Nf6 2. c4 e6 3. Nf3 b6 4. g3 Bb7 5. Bg2 Be7 6. O-O O-O 7. Bf4 d6 {E17: Queen's Indian: 4 g3 Bb7 5 Bg2 Be7} 8. Qc2 c5 9. dxc5 {LiveBook: 3 Games} Be4 $146 (9... bxc5 $11 10. Rd1 Nc6) ({Predecessor:} 9... bxc5 10. Nc3 Qb6 11. Rfd1 Rd8 12. Qb3 Qxb3 13. axb3 Ne8 14. g4 Nc6 15. e3 {½-½ (85) Eljanov,P (2717)-Swinkels,R (2511) Germany 2010}) 10. Qd2 $14 dxc5 11. Rd1 Qc8 12. Nc3 Bc6 13. Qe1 Qb7 14. Rd2 a6 15. a4 Nbd7 16. Rad1 Rfd8 17. Qf1 h6 18. Bd6 Kf8 19. b3 Rac8 20. h3 Nb8 21. Bf4 Rxd2 22. Rxd2 Ke8 23. g4 Ne4 24. Nxe4 Bxe4 25. Ne5 Bxg2 26. Qxg2 Qxg2+ 27. Kxg2 f6 {[#] aiming for ...g5.} 28. Nd3 Nc6 29. Be3 Rd8 30. Nc1 Bd6 31. Kf1 Ke7 32. f3 Rb8 33. Nd3 Na5 34. Rb2 Nc6 35. Ke1 a5 36. Kf2 Rd8 37. Rb1 Be5 38. Kg2 {The position is equal.} Bd4 39. Bf4 Rd7 40. h4 Bc3 41. Be3 Bd4 42. Bd2 {Precision: White = 43%, Black = 40%.} 1/2-1/2

[Event "Karpov Trophy XVI 2018"]
[Site "Cap d/^Agde"]
[Date "2018.10.28"]
[Round "3.1"]
[White "Malakhatko, Vadim"]
[Black "Cotonnec, Melkior"]
[Result "1-0"]
[WhiteElo "2552"]
[BlackElo "2322"]
[Annotator "RC"]
[PlyCount "63"]
[EventDate "2018.10.17"]
[EventCountry "FRA"]
[SourceTitle "playchess.com"]
[Source "ChessBase"]
[SourceQuality "1"]
[TimeControl "5400+30"]

1. d4 {[%emt 0:00:00]} Nf6 {[%emt 0:00:00]} 2. c4 {[%emt 0:00:00]} g6 {[%emt 0:00:07]} 3. Nc3 {[%emt 0:00:00]} d5 {[%emt 0:00:08]} 4. Nf3 {[%emt 0:00:29]} Bg7 {[%emt 0:00:04]} 5. e3 {[%emt 0:00:07]} O-O {[%emt 0:01:35]} 6. Bd2 {[%emt 0:00:12]} b6 {[%emt 0:24:38]} 7. cxd5 {[%emt 0:05:16]} Nxd5 {[%emt 0:00:47]} 8. Rc1 {[%emt 0:00:34]} Nxc3 {[%emt 0:06:52]} 9. Bxc3 {[%emt 0:04:15]} Bb7 {[%emt 0:00:32]} 10. b4 {[%emt 0:13:08]} Nd7 {[%emt 0:01:21]} 11. Bb5 {[%emt 0:00:10]} a6 {[%emt 0:04:46]} 12. Ba4 {[%emt 0:00:50]} Bd5 {[%emt 0:18:13]} 13. Qe2 {[%emt 0:07:09]} Nf6 {[%emt 0:17:43]} 14. O-O {[%emt 0:01:01]} Ne4 {[%emt 0:00:42]} 15. Be1 {[%emt 0:00:00]} Qd6 {[%emt 0:02:53]} 16. Bc2 {[%emt 0:10:38]} Rfc8 {[%emt 0:00:59]} 17. Bd3 {[%emt 0:00:24]} Bb7 {[%emt 0:02:34]} 18. Qc2 {[%emt 0:06:55]} f5 {[%emt 0:00:36]} 19. Ne5 {[%emt 0:14:12]} Bxe5 {[%emt 0:02:19]} 20. dxe5 {[%emt 0:00:37]} Qxe5 {[%emt 0:00:08]} 21. f3 {[%emt 0:00:22]} Nf6 {[%emt 0:03:56]} 22. Bg3 {[%emt 0:15:34]} Qe6 {[%emt 0:06:16]} 23. e4 {[%emt 0:00:43]} fxe4 {[%emt 0:00:43]} 24. fxe4 {[%emt 0:00:07]} Kg7 {[%emt 0:02:02]} 25. Qb2 {[%emt 0:01:13]} b5 {[%emt 0:01:40]} 26. Rc5 {[%emt 0:01:37]} Rd8 {[%emt 0:00:39]} 27. Bb1 {[%emt 0:03:04]} Rd7 {[%emt 0:00:33]} 28. Re5 {[%emt 0:00:34]} Qb6+ {[%emt 0:00:32]} 29. Bf2 {[%emt 0:00:15]} Qc6 {[%emt 0:00:40]} 30. Bc5 {[%emt 0:02:06]} Re8 {[%emt 0:00:31]} 31. a3 {[%emt 0:00:27]} e6 {[%emt 0:00:28]} 32. Rxf6 {[%emt 0:01:39]} 1-0

[Event "Karpov Trophy XVI 2018"]
[Site "Cap d/^Agde"]
[Date "2018.10.28"]
[Round "3.1"]
[White "Velten, Paul"]
[Black "Kravtsiv, Martyn"]
[Result "1/2-1/2"]
[WhiteElo "2483"]
[BlackElo "2654"]
[Annotator "TA"]
[PlyCount "84"]
[EventDate "2018.10.17"]
[EventCountry "FRA"]
[SourceTitle "playchess.com"]
[Source "ChessBase"]
[SourceQuality "1"]

{[%evp 23,84,22,8,3,3,2,4,14,0,8,0,0,0,0,0,0,20,14,14,19,12,25,29,34,41,32,33,34,37,43,47,61,68,29,28,40,20,8,9,7,9,8,29,8,18,0,0,0,0,0,0,0,0,0,0,0,0,0,0,0,0,0,0]} 1. d4 Nf6 2. c4 e6 3. Nf3 d5 4. Nc3 Nbd7 5. Bg5 h6 6. Bh4 Be7 7. e3 O-O 8. Rc1 c5 {D63: Queen's Gambit Declined: Classical: 7 Rc1} 9. cxd5 (9. dxc5 Nxc5 10. cxd5 g5 11. Bg3 Nxd5 12. Nxd5 Qxd5 13. Qxd5 exd5 14. Nd4 Bd7 15. Be2 Rac8 16. O-O {½-½ (31) Ivanchuk,V (2710)-Yu,Y (2765) Batumi 2018}) 9... Nxd5 10. Bxe7 Nxe7 11. Be2 b6 12. O-O Bb7 {LiveBook: 13 Games} 13. dxc5 Nxc5 14. b4 Ne4 15. Nxe4 Bxe4 16. Qa4 Rc8 $146 17. Rxc8 Qxc8 18. Qxa7 Nd5 19. Nd2 Bxg2 20. Kxg2 Qc2 $1 {[%cal Rc2d2]} 21. Rd1 Nc3 22. Qc7 Qg6+ 23. Kf1 Nxd1 24. Bxd1 {aiming for Bc2.} Qd3+ $1 25. Ke1 Rd8 26. Qc2 {Threatens to win with Qxd3.} Qd6 27. Qc3 Qxh2 28. Bc2 Qg1+ 29. Nf1 Qg5 30. a4 h5 {[%cal Bh6h5,Bh5h4,Bh4h3][%mdl 32]} 31. Qc7 h4 32. Qxb6 {next Qc7 is good for White.} Rc8 $1 {[%cal Rc8c2]} 33. Bd3 Qd5 {The position is equal.} 34. Qd4 Qa2 {[%cal Rc8c1] [#]} 35. Nd2 Qxa4 {( -> ...Rc1+)} 36. Ke2 h3 37. Qh4 $36 {[%mdl 2048] Qh7+ is the strong threat. White has good play.} g6 $1 {Strongly threatening ...Rc1.} 38. Ne4 (38. Qxh3 Rc1 $17) 38... Qa2+ 39. Nd2 Rc1 {[#] White must now prevent ...Qa4.} 40. Qd8+ ({Much weaker is} 40. Qxh3 Qa4 $17) 40... Kg7 {And now ...Qa4 would win.} 41. Qd4+ Kg8 {Hoping for ...Qa4.} 42. Qd8+ Kg7 {Precision: White = 69%, Black = 89%.} 1/2-1/2